| 000 | 00434cam a2200169 4500 | ||
|---|---|---|---|
| 001 | D12486 | ||
| 008 | 090401t1955 xxu||||| |||| 00| 0 eng d | ||
| 035 | _a(Sirsi) u3771 | ||
| 041 | _aeng | ||
| 110 |
_aCountry Landowners' Association _92816 |
||
| 245 | _aPolicy and Objectives: January 1955 | ||
| 260 |
_aLondon _bCountry Landowners` Association _c1955 |
||
| 350 | _a0 | ||
| 520 | _aShelf 153 | ||
| 942 | _n0 | ||
| 948 | _c04/03/1997 | ||
| 999 |
_c85935 _d85935 |
||